000 00867nam0a22002531 4500
001 rc\737960
005 20250622113819.0
035 _a(NLR Aleph) 006267745
090 _a6916358
_c6916358
100 _a20040301d1985 |||y0rusy50 ca
101 0 _arus
_aukr
102 _aRU
105 _ay |||||||||
200 1 _aРусско-украинско-венгерский фразеологический словарь
_fСост. В.И. Лавер, И.В. Зикань
_gНауч. ред. М.М. Пещак
210 _aКиев
_aУжгород
_cРад. шк.
_d1985
215 _a371 с.
_d17
320 _aБиблиогр.: с. 7-8
702 1 _aЛавер
_bВ.И.
_gВасилий Иванович
_4220
702 1 _aПещак
_bМ.М.
_4340
801 0 _aRU
_bNLR
_gpsbo
801 1 _aRU
_bELAR
_2rusmarc
852 _aNLR
_bС
_jК-1/3046
942 _cBOOK
980 _aNB